000 00505nam a2200181Ia 4500
001 14141
005 20260306164852.0
008 260306t2012||||xx |||||||||||||| ||spa||
041 _aESP
082 _a509
_bM27 T. 1
100 _aMason, Stephen F.
_eAUT
245 0 _aHistoria de las ciencias, 1:
_bdesde la antigüedad hasta la revolución científica de los siglo XVI y XVII
260 _c2012
300 _a436 páginas :
_c18 cm.
650 _aGEN
654 _aCCN
942 _cLIB
_dJUS
_fJUS
_2ddc
_n
999 _c14141
_d14141